01107cam a22002531 4500001001300000003000400013005001700017008004100034010001700075035002000092040004300112042001200155050002300167100002900190245015500219260009200374300005000466490012000516500010600636504003100742650002400773650002900797700002700826gs 21000429 DLC20260227111326.0870213s1921 ag bf b f000 0 spa c ags 21000429  a(OCoLC)15197128 aU.S. Geol. survey. LibrarycTxDaMdDLC apremarc00aQE231b.A28 no. 271 aBonarelli, Guido,d1871-10aObservaciones geologicas en las inmediaciones del Lago San Martin (territorio de Santa Cruz)cpor los doctores Guido Bonarelli y Juan José Nágera. aBuenos Aires,bTalleres Gráficos del Ministerio de Agricultura de la Nación,c1921. a39 p., 1 l.bVI pl. (incl. fold. map)c27 cm.0 a[Argentine Republic] Direccion General de Minas, Geología e Hidrología. Boletínvno. 27.aSer. B (Geología) aAt head of title: Ministerio de Agricultura. Dirección General de Minas, Geología e Hidrología. a"Bibliografía": p. 9-11. 0aGeologyzArgentina. 0aPaleontologyzArgentina.1 aNágera, Juan José.